Logros y avances de los países de la región en la lucha contra la explotación sexual comercial
Furkejuvvon:
| Materiálatiipa: | Texto |
|---|---|
| Fáttát: | |
| Fáddágilkorat: |
Lasit fáddágilkoriid
Eai fáddágilkorat, Lasit vuosttaš fáddágilkora!
|
MARC
| LEADER | 00000 a a2200000 04500 | ||
|---|---|---|---|
| 001 | 2206 | ||
| 003 | |||
| 040 | |||
| 245 | |a Logros y avances de los países de la región en la lucha contra la explotación sexual comercial | ||
| 650 | |a EXPLOTACION SEXUAL COMERCIAL | ||
| 650 | |a AMERICA CENTRAL | ||
| 773 | |g número 6; páginas 24-28 | ||
| 999 | |c 32580 |d 32580 | ||
